00541pam a2200145a 44500008004100000020000900041041000800050082000900058100003400067245021900101250000600320260005100326300000900377650000900386230515b2003 xxu||||| |||| 00| 0 eng d aNULL aENG aN.D. aMrs cynthia Barrett Chakradeo aA study to Assess the learning needs of nursing personnel working in Bharati hosptil pune with a view to identify priority learning need and seek theib opinion towards organisation of in service education programme a0 aNULLb"Panjab University , Chandigarh, "c2003 aNULL aNULL